000 00578nam a22001697a 4500
005 20251108164133.0
008 250721s1995 xx 000 0 ara d
082 1 4 _a218,52/سلم
100 1 _aالعودة، سلمان بن فهد
245 1 0 _aكيف علم الأنبياء لا اله الا الله /
264 1 _aالقاهرة :
_bمكتبة السنه : الدار السلفية للنشر والتوزيع،
_c1995.
300 _a79ص
650 1 7 _aالدعوة الإسلامية
650 1 7 _aالدعوة و الدعاة
942 _2ddc
_cBK
999 _c4556
_d4556